| 000 | 00659cam a22001694a 4500 | ||
|---|---|---|---|
| 005 | 20250605163700.0 | ||
| 008 | 250528s ||||||||||||||||||||||||d | ||
| 035 | _a24235 | ||
| 040 |
_aGR-AtMCL _bgre _dGR-AtMCL _eAACR2 |
||
| 245 | 1 | _aWomen in Transport / Improving Gender Diversity for a More Inclusive Public Transport Industry | |
| 260 |
_bIntelligent Transport, _c2022 |
||
| 300 | _a49 | ||
| 520 | _aImproving Ticketing and Payment Systems to Better Serve the Passenger, Delivering the UK's First Multi-City MaaS Scheme, Harnessing Autonomous Technology to Unlock Amsterdam's Waterways. | ||
| 942 | _cCR | ||
| 999 |
_c9127 _d9127 |
||